Statistiques concernant Sondage- Animaux de compagnie

Cliquez ici pour prendre le quiz!

Statistiques générales

  • Ce quiz a été pris 79 fois
  • Le résultat moyen est 4 sur 14

Statistiques - réponses

AnimauxVotre réponse% Correct
A- ChienA- Chien
64%
B- ChatB- Chat
58%
C- Poissons (comme il y a beaucoup d'espèce, je n'en fait qu'une grande catégorie...)C- Poissons
41%
E- HamsterE- Hamster
32%
I- TortueI- Tortue
32%
F- LapinF- Lapin
25%
H- SourisH- Souris
25%
D- Oiseaux (comme il y a beaucoup d'espèce, je n'en fait qu'une grande catégorie...)D- Oiseaux
22%
N- Amphibien (grenouille ou crapaud)N- Amphibien
20%
L- AraignéeL- Araignée
19%
K- SerpentK- Serpent
17%
J- LézardJ- Lézard
15%
G- Cochon d'IndeG- Cochon d'Inde
12%
M- ChevalM- Cheval
12%

Distribution des résultats

Percentile par nombre de réponses

% des personnes avec chaque résultat

Votre développement - résultats

Vous n’avez pas pris ce quiz